000 00957nam a2200313Ia 4500
003 OSt
005 20221007121759.0
006 a|||||r|||| 00| 0
007 ta
008 221006b |||||||| |||| 00| 0 eng d
020 _a3211835148 (hbd)
_cDM 286.00
024 _a7458
037 _cTextual
040 _aBDL
_cBDL
_beng
041 _2eng
_aeng
082 _aI,166, P0 Carb
100 _aDafni Amots Ed
_9712926
245 0 _aPollen and pollination
_b Hesse Michael Ed Pacini Ettore Ed
260 _aNew
_bYork Springer Wien
_c2000
300 _avii,336p
_ccm.
500 _aIncludes bibliographical references; Index 321-336p
650 _a Flower
_9662811
650 _a Pollen
650 _aBotany
700 _a Hesse Michael Ed
_9712927
700 _a Pacini Ettore Ed
_9712928
942 _hI,166, P0 Carb
_cTEXL
_2CC
999 _c1209326
_d1209326